El suicidio y su tendencia social en México: 1990-2011 /

Gardado en:
Detalles Bibliográficos
Autor Principal: Jiménez-Ornelas, René Alejandro
Outros autores: Cardiel-Téllez, Leticia
Formato: Texto
Etiquetas: Engadir etiqueta
Sen Etiquetas, Sexa o primeiro en etiquetar este rexistro!

MARC

LEADER 00000 a a2200000 04500
001 46257
003
040
100 |a Jiménez-Ornelas, René Alejandro  
245 |a El suicidio y su tendencia social en México:   |b 1990-2011 /  |c René Alejandro Jiménez-Ornelas, Leticia Cardiel-Téllez  
700 |a Cardiel-Téllez, Leticia  
773 |g volumen19, número77 ( 2013), páginas 205-229 : tablas  
999 |c 24545  |d 24545